00498nam a22001697a 4500020001800000082001400018100002200032245004100054260003300095300001000128650002000138650002500158650001500183942000700198999001900205952010400224 a9788126453580 aM3bJEE/N aJeevan Job Thomas aNidramoshanam/cby Jeevan Job Thomas aKottayam:bD C Books,c2016. a192p. aNovel Malayalam aLiterature Malayalam aLiterature cBK c181544d181544 00104070aSSUSbSSUScSTACKSd2026-05-16g175.00l0oM3 JEE/Np108554r2026-05-16w2026-05-16yBK